000 00963nam a22002537a 4500
001 778
005 20250710103600.0
020 _a9781407156644
040 _aFISKH
_beng
_cFISKH
_dFISKH
050 _aPZ7.1.C634
082 _a823.92
100 _aCoe, Catherine,
245 _aThe owls of blossom wood to the rescue /
_bCoe, Catherine
260 _aLondon :
_bScholastic,
_c2015.
300 _a83 pages :
_billustrations ;
_c20 cm.
490 _aThe owls of Blossom Wood
_vBook 2
505 _aS
520 _aEva, Katie and Alex are back in Blossom Wood, ready for another magical adventure. The wrens need their help - because they've lost their voices! If they don't get them back soon, they won't be able to sing in the birdsong concert. Can the Owls of Blossom Wood save the day?
521 _a790
_bLexile
521 _aS NC
_bRaz-Plus
650 _aOwls
_vJuvenile fiction.
650 _aMagic
_vJuvenile fiction.
942 _2ddc
_cBK
_n0
999 _c778
_d778